[Event "TCh-FRA Nat1 GpB"]
[Site "Montpellier FRA"]
[Date "2004.04.02"]
[Round "5"]
[White "Karr,JP"]
[Black "Lepelletier,B"]
[Result "1/2-1/2"]
[WhiteElo "2364"]
[BlackElo "2450"]
[EventDate "2004.01.30"]

1. d4 Nf6 2. c4 e6 3. Nc3 Bb4 4. Qc2 d5 5. cxd5 Qxd5 6. e3 c5 7. Bd2 Bxc3
8. Bxc3 Nbd7 9. Nf3 O-O 10. Be2 cxd4 11. Bxd4 e5 12. Bc3 b6 13. Bb4 Nc5 14.
Rd1 Qe6 15. Bxc5 bxc5 16. Qxc5 Qxa2 17. Qxe5 Ba6 18. Bxa6 1/2-1/2

[Event "TCh-FRA Nat1 GpB"]
[Site "Montpellier FRA"]
[Date "2004.04.02"]
[Round "5"]
[White "Sakelsek,T"]
[Black "Doornbos,Y"]
[Result "1/2-1/2"]
[WhiteElo "2374"]
[BlackElo "2334"]
[EventDate "2004.01.30"]

1. e4 e6 2. d4 d5 3. Nd2 c5 4. Ngf3 Nf6 5. exd5 exd5 6. Bb5+ Bd7 7. Bxd7+
Nbxd7 8. O-O Be7 9. dxc5 Nxc5 10. Nb3 Nce4 11. Nfd4 Qd7 12. f3 Nd6 13. Nc5
Qc8 14. Nd3 O-O 15. b3 Bd8 16. Be3 Re8 17. Bf2 Ba5 18. a4 a6 19. b4 Bb6 20.
a5 Ba7 21. Nb3 Bxf2+ 22. Rxf2 Qc3 23. Qd2 Qc4 24. Ndc5 Re7 25. Na4 Rae8 26.
Nb6 Qh4 27. Nd4 g6 28. g3 Qh3 29. Re2 Rxe2 30. Nxe2 Nc4 31. Nxc4 dxc4 32.
Nd4 Qd7 33. Rd1 Nd5 34. Ne2 Qe7 35. Qxd5 Qxe2 36. Rd2 Qe1+ 37. Kg2 c3 38.
Rf2 Qe7 39. Qc4 Qe5 40. Kf1 Qe1+ 41. Kg2 h5 42. Qf1 Qe3 43. Qc4 Re7 44. Qh4
Rd7 45. Qe4 Qxe4 46. fxe4 Rd4 47. Rf3 Rd2+ 48. Rf2 Kg7 49. e5 g5 50. h3 h4
51. g4 Kf8 52. Kf1 Rd1+ 53. Ke2 Rd5 54. Rf5 Ke7 55. Rxg5 Rd2+ 56. Ke3 Rxc2
57. Kd3 Rh2 58. Kxc3 Rxh3+ 59. Kd4 Rg3 60. Kc5 h3 61. Rh5 Rxg4 62. Rxh3 Rg5
63. Kb6 Rxe5 64. Kxb7 Rb5+ 65. Kxa6 Rxb4 1/2-1/2

[Event "TCh-FRA Nat1 GpB"]
[Site "Montpellier FRA"]
[Date "2004.04.02"]
[Round "5"]
[White "Brunelliere,P"]
[Black "Guadalpi,D"]
[Result "1/2-1/2"]
[WhiteElo "2347"]
[BlackElo "2274"]
[EventDate "2004.01.30"]

1. Nf3 c5 2. g3 Nc6 3. Bg2 g6 4. c4 Bg7 5. Nc3 e5 6. d3 Nge7 7. O-O O-O 8.
Rb1 d6 9. a3 a5 10. b3 Rb8 11. Ne1 Be6 12. Nc2 d5 13. cxd5 Nxd5 14. Bd2 h6
15. a4 Re8 16. Na3 b6 17. Nc4 f5 18. Qc1 Kh7 19. Re1 Nd4 20. Nxd5 Bxd5 21.
Bxd5 Qxd5 22. Ne3 Qb7 23. Bc3 Ne6 24. Ba1 Ng5 25. Ng2 Nh3+ 26. Kf1 f4 27.
f3 fxg3 28. hxg3 Qc7 29. Nh4 Bf6 30. Kg2 Nf4+ 31. gxf4 Bxh4 32. Rh1 exf4
33. Rxh4 g5 34. Rh2 Rxe2+ 35. Kg1 Re3 36. Qc2 Qf7 37. Kf2 Rbe8 38. d4+ Qg6
39. Rxh6+ Kxh6 40. Rh1+ Kg7 41. dxc5+ R8e5 42. Bxe5+ Rxe5 43. Qb2 Qf6 44.
c6 Re6 45. Qxf6+ Rxf6 46. Rc1 Rf8 47. c7 Rc8 48. Rc6 Kf7 49. Kg2 Ke7 50.
Kh3 Kd7 51. Rxb6 Rxc7 52. Rb5 Rc1 53. Rxg5 Rc3 54. Kg4 Rxb3 55. Rxa5 Rb4
56. Kf5 Kc6 57. Ke5 Rc4 58. Kf5 Kb6 59. Rb5+ Kc6 60. Ra5 Kb6 61. Ra8 Kb7
62. Re8 Rxa4 63. Re4 Ra1 64. Rc4 Rh1 65. Rc3 Rh8 66. Kxf4 Rf8+ 67. Ke4 Re8+
68. Kd5 Rf8 69. Ke5 Re8+ 70. Kd6 Rf8 71. Ke5 Re8+ 72. Kf5 Rf8+ 73. Kg4 Rg8+
74. Kh4 Rf8 75. Kg3 Rg8+ 76. Kf2 Rf8 77. Rc4 Kb6 78. f4 Kb5 79. Re4 Kc5 80.
Kf3 Kd5 81. Re5+ Kd6 82. Ke4 Ra8 83. Kf5 Rf8+ 84. Kg4 Rg8+ 85. Kf3 Rf8 86.
Re1 Kd5 87. Ra1 Ke6 88. Ra6+ Kf5 89. Ra5+ Kf6 90. Ra6+ Kf5 91. Rb6 Ra8 92.
Rb5+ Kf6 93. Kg4 Rg8+ 1/2-1/2

[Event "TCh-FRA Nat1 GpB"]
[Site "Montpellier FRA"]
[Date "2004.04.02"]
[Round "5"]
[White "Giffard,N"]
[Black "Rouchouse,S"]
[Result "0-1"]
[WhiteElo "2345"]
[BlackElo "2187"]
[EventDate "2004.01.30"]

1. Nf3 c5 2. b3 b6 3. g3 Bb7 4. Bg2 d6 5. O-O Nf6 6. Bb2 e6 7. e3 Be7 8. c4
O-O 9. Nc3 a6 10. Qe2 Qc7 11. Rac1 Nbd7 12. e4 Rac8 13. d4 cxd4 14. Nxd4
Qb8 15. Rfe1 Qa8 16. Kh1 Bd8 17. f4 Bc7 18. g4 g6 19. Nc2 Rfd8 20. h3 d5
21. e5 Ne4 22. Nxe4 dxe4 23. b4 f5 24. gxf5 gxf5 25. Rg1 Nf8 26. Bxe4+ Ng6
27. Bxb7 Qxb7+ 28. Qg2 Qxg2+ 29. Rxg2 Rd3 30. Kh2 Kf7 31. Rf2 Bd8 32. Ne1
Re3 33. Ng2 Re4 34. c5 Rxb4 35. c6 Ra4 36. a3 Ne7 37. Rfc2 Nd5 38. Kg3 Be7
39. Kf3 Bc5 40. Rc4 Rxc4 41. Rxc4 Ne7 42. Ne1 Rxc6 43. Nd3 Bg1 44. Rxc6
Nxc6 45. a4 Bd4 46. Ba3 Na5 47. Ke2 Nc4 48. Bc1 Bc3 49. Kd1 Kg6 50. Kc2 Ba5
51. Kb3 Nd2+ 52. Kc2 Nf1 53. Kd1 Kh5 54. Ke2 Ng3+ 55. Kf3 Ne4 56. Ba3 Nc3
57. Nb2 Kh4 58. Kg2 Nd5 59. Nd3 Bd2 60. Kf3 Kxh3 61. Bb2 Bc3 62. Bxc3 Nxc3
63. a5 bxa5 64. Nc5 a4 65. Nxe6 a3 66. Nd4 a2 67. Nc2 Nd5 68. Na1 Nc7 69.
Nc2 Ne6 70. Na1 h5 0-1

[Event "TCh-FRA Nat1 GpB"]
[Site "Montpellier FRA"]
[Date "2004.04.03"]
[Round "6"]
[White "Tregubov,P"]
[Black "Dorfman,J"]
[Result "1-0"]
[WhiteElo "2628"]
[BlackElo "2608"]
[EventDate "2004.01.30"]

1. d4 Nf6 2. c4 e6 3. Nf3 d5 4. Nc3 c6 5. g3 Nbd7 6. Bg2 dxc4 7. O-O b5 8.
e4 Bb7 9. e5 Nd5 10. Ng5 N7b6 11. Qh5 Qd7 12. Nce4 g6 13. Qh3 O-O-O 14. Nc5
Qc7 15. Nge4 Na4 16. Nxa4 bxa4 17. Bg5 Be7 18. Bxe7 Qxe7 19. Qh6 Kb8 20.
Rfc1 Nb6 21. Nd6 Nc8 22. Nxc8 Rxc8 23. Rxc4 c5 24. Bxb7 Qxb7 25. dxc5 Qxb2
26. Re1 Qb7 27. Rd1 Rc7 28. Qf4 g5 29. Qxg5 Rhc8 30. Qf4 Rxc5 31. Rb4 Rb5
32. Rxb5 Qxb5 33. Qxf7 Qc6 34. Qxh7 Ka8 35. a3 1-0

[Event "TCh-FRA Nat1 GpB"]
[Site "Montpellier FRA"]
[Date "2004.04.03"]
[Round "6"]
[White "Kosten,A"]
[Black "Bauer,Ch"]
[Result "1/2-1/2"]
[WhiteElo "2507"]
[BlackElo "2599"]
[EventDate "2004.01.30"]

1. g3 g6 2. Bg2 Bg7 3. c4 c5 4. Nc3 Nc6 5. Nf3 b6 6. O-O Bb7 7. b3 Nh6 8.
Bb2 O-O 9. e3 Nf5 10. Qb1 e6 11. Ne2 d5 12. Bxg7 Nxg7 13. cxd5 exd5 14. d4
Ne6 15. Rd1 Qf6 16. Qb2 Rfd8 17. Rd2 Rac8 18. Rad1 Ba6 19. dxc5 Qxb2 20.
Rxb2 bxc5 21. Bf1 Bb7 22. Bg2 Ba6 23. Bf1 Bb7 1/2-1/2

[Event "TCh-FRA Nat1 GpB"]
[Site "Montpellier FRA"]
[Date "2004.04.03"]
[Round "6"]
[White "Degraeve,JM"]
[Black "Marciano,D"]
[Result "1/2-1/2"]
[WhiteElo "2566"]
[BlackElo "2514"]
[EventDate "2004.01.30"]

1. e4 c5 2. Nf3 e6 3. c3 d5 4. exd5 exd5 5. d4 Nc6 6. Bb5 Bd6 7. O-O Nge7
8. dxc5 Bxc5 9. Nbd2 O-O 10. Nb3 Bd6 11. Re1 h6 12. Be3 Bg4 13. h3 Bh5 14.
Be2 Re8 15. Nh4 Bxe2 16. Qxe2 Qd7 17. Qg4 Qxg4 18. hxg4 Ne5 19. Bc5 Nc4 20.
Bxd6 Nxd6 21. Nd4 g6 22. Nhf3 Nc6 23. Rad1 Rxe1+ 24. Nxe1 Rd8 25. Nec2 Nc4
26. b3 Nb6 27. f3 Nxd4 28. Nxd4 a6 29. Ne2 Kg7 30. Kf2 Rd7 31. Rd4 Kf6 32.
Ke3 Nc8 33. Nf4 Ne7 34. c4 g5 35. Nxd5+ Nxd5+ 36. Rxd5 Rxd5 37. cxd5 Ke5
38. d6 Kxd6 39. Kd4 a5 40. a3 b5 41. b4 a4 42. g3 f6 43. f4 gxf4 44. gxf4
Ke6 45. Kc5 f5 46. gxf5+ Kxf5 47. Kxb5 h5 48. Ka5 h4 49. b5 h3 50. b6 h2
51. b7 h1=Q 52. b8=Q Qe4 53. Qd6 Qa8+ 54. Kb4 Qe4+ 55. Kb5 Qe8+ 56. Kb6
Qe3+ 57. Ka5 Qe8 58. Qd4 Qa8+ 59. Kb5 Qe8+ 60. Kb4 Qc6 61. Qe5+ Kg4 62.
Qg5+ Kf3 63. Qe5 Kg4 64. Ka5 Qc2 65. Qd6 Qe4 66. Qd7+ Kh4 67. f5 Kg5 68.
Qg7+ Kf4 69. Qh6+ Kg4 70. Qg7+ Kf4 71. Qc7+ Kg5 72. Qg7+ 1/2-1/2

[Event "TCh-FRA Nat1 GpB"]
[Site "Montpellier FRA"]
[Date "2004.04.03"]
[Round "6"]
[White "Rotstein,A"]
[Black "David,Alb"]
[Result "0-1"]
[WhiteElo "2519"]
[BlackElo "2580"]
[EventDate "2004.01.30"]

1. Nf3 Nf6 2. c4 e6 3. g3 d5 4. Bg2 Be7 5. O-O O-O 6. b3 c5 7. e3 Nc6 8.
Bb2 d4 9. exd4 cxd4 10. Re1 Ne8 11. Ne5 Nxe5 12. Rxe5 f6 13. Re1 e5 14. f4
exf4 15. gxf4 Nc7 16. Qf3 Kh8 17. f5 Bc5 18. a3 a5 19. d3 Qd7 20. Qf4 Ra6
21. Rf1 Rb6 22. Nd2 Ne8 23. Rae1 Qd8 24. Bd5 Nc7 25. Be4 Ne8 26. Qf2 h6 27.
Kh1 Nd6 28. Rg1 Bd7 29. Bc1 Re8 30. Qf4 Nxe4 31. Nxe4 Bf8 32. b4 axb4 33.
axb4 Re5 34. Ng3 Bc6+ 35. Ne4 Rxb4 36. Ba3 Rb3 37. Bxf8 Qxf8 38. Rg3 Qe7
39. Kg1 Ra3 40. Re2 Ra1+ 41. Kg2 Raa5 42. h4 Qd7 43. Qg4 Rxf5 44. Kh2 Ra1
45. Rb2 Raf1 46. Rbg2 R5f4 47. Qxg7+ Qxg7 48. Rxg7 Rxh4+ 49. Kg3 Rxe4 0-1

[Event "TCh-FRA Nat1 GpB"]
[Site "Montpellier FRA"]
[Date "2004.04.03"]
[Round "6"]
[White "Froeyman,H"]
[Black "Kazhgaleyev,M"]
[Result "0-1"]
[WhiteElo "2308"]
[BlackElo "2568"]
[EventDate "2004.01.30"]

1. e4 e5 2. Nf3 Nc6 3. Bb5 a6 4. Ba4 Nf6 5. O-O Be7 6. Re1 b5 7. Bb3 d6 8.
c3 O-O 9. h3 Na5 10. Bc2 c5 11. d4 Nd7 12. Nbd2 exd4 13. cxd4 Nc6 14. Nf1
Bf6 15. Be3 Bb7 16. Ng3 Rc8 17. Rc1 Re8 18. Bb1 g6 19. b3 Bg7 20. Qd2 Qa5
21. Qxa5 Nxa5 22. Red1 c4 23. Bd2 Nc6 24. bxc4 Nxd4 25. Nxd4 Bxd4 26. Bb4
Be5 27. cxb5 axb5 28. Rxc8 Rxc8 29. Bd3 Nf6 30. Bxb5 h5 31. a4 h4 32. Ne2
Nxe4 33. Rc1 Rb8 34. Rc7 Ba6 35. f4 Bxb5 36. fxe5 Bxe2 37. exd6 Nf6 38. Bc3
Nd5 39. Rc5 Nxc3 40. d7 Ba6 41. Rxc3 Kf8 42. Rc6 Bb7 43. Rb6 Ke7 44. a5
Kxd7 45. a6 Kc7 46. Rxb7+ Rxb7 47. axb7 Kxb7 48. Kf2 Kc6 49. Kf3 Kd5 50.
Kg4 Ke4 51. Kg5 Ke3 52. Kxh4 Kf4 53. g3+ Kf5 54. g4+ Kf4 55. g5 Kf5 56. Kg3
Kxg5 57. h4+ Kf5 58. Kh3 f6 0-1

[Event "TCh-FRA Nat1 GpB"]
[Site "Montpellier FRA"]
[Date "2004.04.03"]
[Round "6"]
[White "Fontaine,R"]
[Black "Schmitt,An"]
[Result "1/2-1/2"]
[WhiteElo "2532"]
[BlackElo "2267"]
[EventDate "2004.01.30"]

1. e4 c5 2. Nc3 g6 3. d4 cxd4 4. Qxd4 Nf6 5. Nf3 Nc6 6. Qa4 d6 7. e5 dxe5
8. Nxe5 Bd7 9. Nxd7 Qxd7 10. Be3 Bg7 11. Be2 O-O 12. Rd1 Qf5 13. O-O a6 14.
g4 Qc8 15. g5 Nd7 16. Nd5 Re8 17. c3 e6 18. Nb6 Nxb6 19. Bxb6 Be5 20. Bf3
Bc7 21. Be3 Rd8 22. h4 Rxd1 23. Rxd1 Qe8 24. b4 Rd8 25. Rxd8 Qxd8 26. b5
axb5 27. Qxb5 Na5 28. Bd4 e5 29. Bxe5 Bxe5 30. Qxe5 Nc6 31. Qf6 Qc7 32. Bd5
Ne5 33. Kf1 b6 34. Ke2 Ng4 35. Qd4 Ne5 36. f4 Nd7 37. Kd2 b5 38. Qe4 Kf8
39. Kc2 Nb6 40. Bb3 Nc4 41. a4 Nd6 42. Qe5 bxa4 43. Bxa4 Qb6 44. Qh8+ Ke7
45. Qf6+ Kf8 46. h5 gxh5 47. Qh8+ Ke7 48. Qe5+ Kf8 49. Bb3 Qc6 50. Bd5 Qc5
51. Kd3 Qb5+ 52. c4 Qb3+ 53. Ke2 Qc2+ 54. Kf1 Qd1+ 55. Kf2 Qd2+ 56. Kg1
Qd1+ 57. Kh2 Qd2+ 58. Kh3 Qd3+ 59. Kg2 Qd2+ 60. Kf3 Qd3+ 61. Kf2 Qd2+ 62.
Kf1 Qd1+ 63. Qe1 Qd3+ 64. Qe2 Qd4 65. Qf2 Qd3+ 66. Kg1 Nf5 67. Kh2 Ne3 68.
Bf3 Nxc4 69. Bxh5 Qd2 1/2-1/2

[Event "TCh-FRA Nat1 GpB"]
[Site "Montpellier FRA"]
[Date "2004.04.03"]
[Round "6"]
[White "Julve,P"]
[Black "Godena,M"]
[Result "0-1"]
[WhiteElo "2297"]
[BlackElo "2515"]
[EventDate "2004.01.30"]

1. d4 d5 2. c4 e6 3. Nc3 c6 4. Nf3 Nf6 5. Bg5 Nbd7 6. e3 Qa5 7. Nd2 Bb4 8.
Bxf6 Nxf6 9. Qc2 O-O 10. Bd3 Qc7 11. a3 Be7 12. Nf3 dxc4 13. Bxc4 Rd8 14.
O-O c5 15. Rac1 cxd4 16. Nb5 Qb6 17. exd4 Bd7 18. Qe2 Bc6 19. Ne5 Bxb5 20.
Bxb5 Rxd4 21. Bd3 Rad8 22. Rfd1 R4d5 23. Nc4 Qc7 24. b4 Qb8 25. g3 R5d7 26.
Na5 Nd5 27. Qe4 g6 28. h4 Bf6 29. Qf3 Bb2 30. Rc4 Nc3 31. Rd2 Bc1 32. Rxc3
Bxd2 33. Rb3 Rc7 34. Be4 Rdd7 35. h5 Qc8 36. hxg6 hxg6 37. Rb2 Bh6 38. Nb3
Bg7 39. Rb1 Rc3 40. Qe2 b6 41. Qb5 Rd6 42. Bg2 Qd7 0-1

[Event "TCh-FRA Nat1 GpB"]
[Site "Montpellier FRA"]
[Date "2004.04.03"]
[Round "6"]
[White "Dewitte,C"]
[Black "Leconte,M"]
[Result "0-1"]
[WhiteElo "2016"]
[BlackElo "2271"]
[EventDate "2004.01.30"]

1. c4 e5 2. Nc3 Nc6 3. g3 g6 4. Bg2 Bg7 5. Nf3 d6 6. d3 f5 7. Bg5 Qd7 8.
Bd2 Nf6 9. Nd5 Nh5 10. Bc3 Nd8 11. h4 c6 12. Nb4 O-O 13. Qd2 Ne6 14. O-O-O
Nc5 15. Ng5 Na4 16. Bf3 h6 17. Nh3 Qf7 18. e3 Nxc3 19. bxc3 Nf6 20. Nc2 Rb8
21. h5 g5 22. Be2 g4 23. Ng1 b5 24. cxb5 cxb5 25. Nb4 Bb7 0-1

[Event "TCh-FRA Nat1 GpB"]
[Site "Montpellier FRA"]
[Date "2004.04.03"]
[Round "6"]
[White "Legky,N"]
[Black "Pert,N"]
[Result "0-1"]
[WhiteElo "2460"]
[BlackElo "2504"]
[EventDate "2004.01.30"]

1. d4 d5 2. c4 c6 3. Nf3 Nf6 4. cxd5 cxd5 5. Nc3 Nc6 6. Bf4 a6 7. Rc1 Ne4
8. a3 Bf5 9. Qb3 Nxc3 10. Rxc3 Na5 11. Qd1 Rc8 12. Qc1 Nb3 13. Rxc8 Qxc8
14. Qxc8+ Bxc8 15. e3 Bf5 16. Nd2 Nxd2 17. Kxd2 e6 18. Be2 Kd7 19. Rc1 Bd6
20. Bxd6 Kxd6 21. b4 f6 22. Rc5 Ra8 23. a4 e5 24. a5 Bd7 25. dxe5+ fxe5 26.
f3 Bc6 27. Rc1 Rf8 28. Rf1 g5 29. Rh1 Rg8 30. g4 Rg6 31. h4 Rh6 32. h5 Rf6
33. Rf1 h6 34. Bd3 Bd7 35. Be2 e4 36. fxe4 Rxf1 37. Bxf1 Bxg4 38. Bg2 Be6
39. exd5 Bxd5 40. e4 Bc6 41. Ke3 Ke5 42. Bf3 Ba4 43. Bg4 Bc2 44. Bf5 Bb1
45. Kf3 Kd4 46. Bg6 Bc2 47. Bf5 Ba4 48. Bc8 Bc6 49. Bf5 Be8 50. Bc8 Bxh5+
51. Kf2 Kc4 52. Bxb7 Kxb4 53. Bxa6 Kxa5 54. Bc4 Kb4 55. Ba2 Kc5 56. Ke3 Be8
57. Bb3 h5 58. e5 Bc6 59. Bd1 h4 60. Bg4 Bg2 61. Bc8 Bh1 62. Kf2 Bc6 63.
Bg4 Kd4 64. e6 Ke5 65. Ke3 Kf6 66. Kd4 Bg2 67. Kc5 Ke7 0-1

[Event "TCh-FRA Nat1 GpB"]
[Site "Montpellier FRA"]
[Date "2004.04.03"]
[Round "6"]
[White "Libiszewski,F"]
[Black "Doornbos,Y"]
[Result "1-0"]
[WhiteElo "2451"]
[BlackElo "2334"]
[EventDate "2004.01.30"]

1. e4 e6 2. d4 d5 3. Nc3 Bb4 4. e5 c5 5. a3 Bxc3+ 6. bxc3 Qc7 7. Qg4 f5 8.
Qg3 Ne7 9. Qxg7 Rg8 10. Qxh7 cxd4 11. Ne2 Bd7 12. Qh5+ Ng6 13. Bg5 Nc6 14.
f4 dxc3 15. h4 Qb6 16. Qf3 d4 17. Rd1 Nge7 18. Qh5+ Kd8 19. Rh3 Kc7 20.
Bxe7 Nxe7 21. Rxd4 Rad8 22. Rxc3+ Kb8 23. Rcd3 Nd5 24. c4 Qa5+ 25. Kf2 Nb6
26. Qf7 Qc5 27. Nc1 Ba4 28. Ke1 Rxd4 29. Qxg8+ Nc8 30. Rxd4 Qxd4 31. Ne2
Qa1+ 32. Kf2 Qxa3 33. h5 Qc5+ 34. Kg3 Qe3+ 35. Kh2 Qf2 36. Qg3 Qxf1 37. h6
Qxe2 38. h7 Bc6 39. h8=Q Qxc4 40. Qd8 Bd5 41. Qe3 Qc2 42. Qg8 a6 43. Kh3
Qd1 44. Kh2 Qc2 45. Kh3 Qd1 46. Kh4 Qh1+ 47. Qh3 Qf1 48. Kg5 a5 49. Kf6
Qxf4 50. Qd8 a4 51. Qhh8 Qc1 52. Qhf8 Qc4 53. Qfd6+ Ka8 54. Qa5+ Qa6 55.
Qaxa6+ bxa6 56. Qxa6+ Kb8 57. Qxa4 Na7 58. Qd7 Nc6 59. g3 Ka8 60. Qc7 1-0

[Event "TCh-FRA Nat1 GpB"]
[Site "Montpellier FRA"]
[Date "2004.04.03"]
[Round "6"]
[White "Salaun,Y"]
[Black "Prie,E"]
[Result "0-1"]
[WhiteElo "2345"]
[BlackElo "2429"]
[EventDate "2004.01.30"]

1. e4 d5 2. exd5 Qxd5 3. Nc3 Qa5 4. Bc4 Nf6 5. Nge2 Bg4 6. f3 Bf5 7. d3 e6
8. Bd2 Qb6 9. g4 Bg6 10. h4 h5 11. g5 Nfd7 12. Nf4 Bd6 13. Na4 Qc6 14. Nxg6
fxg6 15. Nc3 Bg3+ 16. Kf1 O-O 17. Kg2 Ne5 18. Rf1 Nxc4 19. dxc4 Bf4 20.
Bxf4 Rxf4 21. Qd8+ Rf8 22. Qd4 Nd7 23. Rae1 Kh7 24. Qe4 Qb6 25. b3 Nc5 26.
Qe5 Rf5 27. Qd4 a5 28. Ne4 a4 29. Rf2 axb3 30. cxb3 Qa5 31. Re3 Ra6 32.
Nxc5 Rxc5 33. Rfe2 Rd6 34. Qc3 Qa6 35. Re4 Rf5 36. Qe3 Qc6 37. b4 Qd7 38.
Rf2 Rd3 39. Qe2 b5 40. cxb5 Rxb5 41. a4 Rbd5 42. Rxe6 R3d4 43. Re7 Rxh4 0-1

[Event "TCh-FRA Nat1 GpB"]
[Site "Montpellier FRA"]
[Date "2004.04.03"]
[Round "6"]
[White "Touzane,O"]
[Black "Moracchini,F"]
[Result "1/2-1/2"]
[WhiteElo "2347"]
[BlackElo "2284"]
[EventDate "2004.01.30"]

1. d4 d5 2. c4 e6 3. Nc3 Be7 4. Nf3 Nf6 5. Bg5 h6 6. Bh4 O-O 7. e3 Ne4 8.
Bxe7 Qxe7 9. cxd5 Nxc3 10. bxc3 exd5 11. Qb3 c6 12. Bd3 Be6 13. Rb1 b6 14.
Ne5 Rc8 15. Qa4 Qc7 16. O-O Nd7 17. f4 f6 18. Nf3 Re8 19. Rbd1 Nf8 20. e4
dxe4 21. Bxe4 b5 22. Qa6 Rac8 23. Nd2 Qb6 24. Qa3 c5 25. d5 c4+ 26. Kh1 Bf7
27. Nf3 a5 28. Nd4 b4 29. Qc1 Qc5 30. Nc6 b3 31. h3 Bg6 32. f5 Bf7 33. Qd2
Nd7 34. Bf3 a4 35. a3 1/2-1/2

[Event "TCh-FRA Nat1 GpB"]
[Site "Montpellier FRA"]
[Date "2004.04.03"]
[Round "6"]
[White "Kritz,L"]
[Black "Sakelsek,T"]
[Result "1-0"]
[WhiteElo "2534"]
[BlackElo "2374"]
[EventDate "2004.01.30"]

1. e4 e5 2. Nf3 Nf6 3. d4 Nxe4 4. Bd3 Nc6 5. Bxe4 d5 6. Bg5 Qd7 7. Bd3 e4
8. O-O f6 9. Bf4 exd3 10. Qxd3 Be7 11. Re1 O-O 12. c4 Bd6 13. Bxd6 Qxd6 14.
c5 Qf4 15. Qb3 Bg4 16. Qxb7 Bxf3 17. Qxc6 Bxg2 18. Kxg2 Qg4+ 19. Kf1 Qh3+
20. Ke2 Rae8+ 21. Kd2 Qh6+ 22. Re3 Rxe3 23. fxe3 Qxh2+ 24. Kc3 Qh1 25. Qe6+
Kh8 26. Kc2 h5 27. a4 Rb8 28. Ra3 Qg2+ 29. Nd2 Rxb2+ 30. Kxb2 Qxd2+ 31. Kb3
Qd3+ 32. Kb4 a5+ 33. Kxa5 Qxa3 34. Qe8+ Kh7 35. Qxh5+ Kg8 36. Qxd5+ Kh7 37.
Qh5+ Kg8 38. Qe8+ Kh7 39. Ka6 Qb3 40. a5 g5 41. Qb5 Qxe3 42. Kb7 Qe4+ 43.
c6 g4 44. a6 1-0

[Event "TCh-FRA Nat1 GpB"]
[Site "Montpellier FRA"]
[Date "2004.04.03"]
[Round "6"]
[White "Lepelletier,B"]
[Black "Becker,Marc1"]
[Result "0-1"]
[WhiteElo "2450"]
[BlackElo "2391"]
[EventDate "2004.01.30"]

1. e4 d5 2. exd5 Qxd5 3. Nf3 Nf6 4. d4 c6 5. c4 Qd8 6. Nc3 Bg4 7. Be2 e6 8.
O-O Be7 9. b3 O-O 10. Bb2 Nbd7 11. Re1 Qc7 12. h3 Bh5 13. d5 exd5 14. cxd5
Rad8 15. Nd4 Bg6 16. dxc6 bxc6 17. Qc1 Bd6 18. Na4 Ne5 19. Rd1 Nd5 20. Kh1
Rfe8 21. Nf3 Ng4 22. hxg4 Rxe2 23. Qc4 Rde8 24. Rac1 Bf4 25. Qd4 f6 26. Rc4
Be4 27. Ng1 Ne3 28. Qxe4 Rxe4 29. Rxe4 Rxf2 30. Rd3 Rxg2 31. Nf3 Rf2 32.
Nc5 Rxf3 0-1

[Event "TCh-FRA Nat1 GpB"]
[Site "Montpellier FRA"]
[Date "2004.04.03"]
[Round "6"]
[White "Bijaoui,M"]
[Black "Simonet,M"]
[Result "0-1"]
[WhiteElo "2324"]
[BlackElo "2337"]
[EventDate "2004.01.30"]

1. e4 c5 2. Nf3 Nf6 3. Nc3 d5 4. e5 Ne4 5. Ne2 Bg4 6. Neg1 c4 7. h3 Bh5 8.
d3 cxd3 9. Bxd3 Nc6 10. g4 Bg6 11. Ne2 e6 12. O-O Bc5 13. c3 f6 14. Ned4
Qe7 15. Nxc6 bxc6 16. Qe2 Ng3 17. Bxg6+ hxg6 18. Qa6 Nxf1 19. Qxc6+ Kf7 20.
Kxf1 Rxh3 21. Ng5+ fxg5 22. Qxa8 Rf3 23. b4 Rxf2+ 24. Ke1 Bb6 25. Qc8 Rg2
26. Kd1 Bc7 27. Be3 Bxe5 28. Bc5 Bd6 29. Qa6 Bxc5 0-1

[Event "TCh-FRA Nat1 GpB"]
[Site "Montpellier FRA"]
[Date "2004.04.03"]
[Round "6"]
[White "Rouchouse,S"]
[Black "Moret,V"]
[Result "0-1"]
[WhiteElo "2187"]
[BlackElo "2179"]
[EventDate "2004.01.30"]

1. e4 e6 2. d4 d5 3. Nc3 Nf6 4. Bg5 Bb4 5. e5 h6 6. Bd2 Bxc3 7. bxc3 Ne4 8.
Qg4 g6 9. Bd3 Nxd2 10. Kxd2 c5 11. h4 Nc6 12. Nf3 cxd4 13. cxd4 Qa5+ 14. c3
b6 15. a4 Ba6 16. Bb5 Bxb5 17. axb5 Qxb5 18. Rhb1 Qc4 19. Rxb6 O-O 20. Rbb1
Rab8 21. Qg3 Na5 22. Kc2 Nb3 23. Nd2 Nxd4+ 24. Kc1 Rxb1+ 25. Kxb1 Qb5+ 0-1

[Event "TCh-FRA Nat1 GpB"]
[Site "Montpellier FRA"]
[Date "2004.04.03"]
[Round "6"]
[White "Klipper,R"]
[Black "Mallet,L"]
[Result "1/2-1/2"]
[WhiteElo "2067"]
[BlackElo "2082"]
[EventDate "2004.01.30"]

1. d4 Nf6 2. Nf3 e6 3. c3 d5 4. Bg5 Nbd7 5. Nbd2 h6 6. Bh4 Be7 7. e3 O-O 8.
Bd3 c5 9. O-O b6 10. e4 dxe4 11. Nxe4 Bb7 12. Nxf6+ Bxf6 13. Bxf6 Qxf6 14.
Be2 Rfd8 15. Qa4 e5 16. dxc5 Nxc5 17. Qh4 Qxh4 18. Nxh4 Rd2 19. Bc4 Rxb2
20. Rfe1 e4 21. Nf5 Rd8 22. Nd4 Na4 23. Rac1 Rc8 24. Bb3 Nxc3 25. h3 Rd2
26. Re3 Nxa2 27. Rxc8+ Bxc8 28. Rxe4 Bd7 29. Nf3 Rb2 30. Ne5 Rxb3 31. Nxd7
f5 32. Ra4 Rb1+ 33. Kh2 Nc3 34. Rxa7 b5 35. Nc5 Re1 36. Nd3 Rd1 37. Nc5 Rd6
38. Ra3 b4 39. Rb3 Rd4 40. Kg3 Rc4 41. Nd3 Nd5 42. Kf3 g5 43. Ke2 Kg7 44.
Kd2 Kf6 45. Rb1 h5 46. Ra1 b3 47. Rb1 Rc2+ 48. Ke1 Rc3 49. Kd2 Rc2+ 50. Ke1
Rc3 51. Kd2 f4 52. Nb4 Ke5 53. Nxd5 Rc2+ 54. Ke1 b2 55. Nc3 Rxc3 56. Rxb2
Rc5 57. f3 Kd4 58. Kf2 Kd3 59. Ra2 h4 60. Rb2 Re5 61. Ra2 Rb5 62. Re2 Rc5
63. Ra2 Rc2+ 64. Rxc2 Kxc2 65. Ke1 Kd3 66. Kf2 Kd2 67. Kf1 Ke3 68. Ke1
1/2-1/2

[Event "TCh-FRA Nat1 GpB"]
[Site "Montpellier FRA"]
[Date "2004.04.04"]
[Round "7"]
[White "Bauer,Ch"]
[Black "Flear,G"]
[Result "1-0"]
[WhiteElo "2599"]
[BlackElo "2489"]
[EventDate "2004.01.30"]

1. c4 e6 2. g3 d5 3. Bg2 dxc4 4. Qc2 e5 5. Qxc4 c6 6. Nf3 Bd6 7. O-O Nf6 8.
d4 exd4 9. Qxd4 O-O 10. Rd1 Be7 11. Nc3 Qxd4 12. Nxd4 Na6 13. e4 Nc5 14. h3
a5 15. Be3 g6 16. f4 Ne6 17. Nde2 Bc5 18. Bf2 Bxf2+ 19. Kxf2 Nc5 20. Rd4
Be6 21. g4 Rad8 22. Rad1 Rxd4 23. Rxd4 Re8 24. Ng3 h6 25. e5 Nfd7 26. Nge4
Nxe4+ 27. Nxe4 Re7 28. Ra4 b6 29. Nc3 g5 30. f5 Bd5 31. Bxd5 cxd5 32. Rd4
Nxe5 33. Nxd5 Rb7 34. Ke3 b5 35. b3 Kf8 36. Nc3 b4 37. Ne4 Rc7 38. Rd5 Nc6
39. f6 Kg8 40. Rc5 Kh7 41. Nd6 Kg6 42. Ne4 1-0

[Event "TCh-FRA Nat1 GpB"]
[Site "Montpellier FRA"]
[Date "2004.04.04"]
[Round "7"]
[White "Prie,E"]
[Black "David,Alb"]
[Result "1-0"]
[WhiteElo "2429"]
[BlackElo "2580"]
[EventDate "2004.01.30"]

1. d4 d5 2. Bg5 h6 3. Bh4 c6 4. a3 Qb6 5. Ra2 Bg4 6. Nf3 Bxf3 7. gxf3 e6 8.
e4 Be7 9. Bg3 Nd7 10. c4 dxc4 11. Bxc4 Ngf6 12. Nc3 a5 13. f4 Rd8 14. O-O
O-O 15. e5 Nd5 16. Qd3 Kh8 17. Raa1 g6 18. Rfe1 Kg7 19. Re2 Rc8 20. Kh1
Rfd8 21. Rg1 Nf8 22. Nxd5 cxd5 23. Bb5 Rc7 24. f3 Rdc8 25. Be1 Rc1 26. Reg2
R8c7 27. Be8 Rc8 28. Bd7 Rd8 29. f5 Rxd7 30. f6+ Bxf6 31. exf6+ Kh7 32. Qe3
Qc7 33. Bd2 Rxg1+ 34. Rxg1 g5 35. Rxg5 Qc2 36. Rg7+ Kh8 37. Qxh6+ Nh7 38.
Rg8+ 1-0

[Event "TCh-FRA Nat1 GpB"]
[Site "Montpellier FRA"]
[Date "2004.04.04"]
[Round "7"]
[White "Sarthou,G"]
[Black "Apicella,M"]
[Result "1/2-1/2"]
[WhiteElo "2349"]
[BlackElo "2540"]
[EventDate "2004.01.30"]

1. e4 e6 2. d4 d5 3. Nd2 Nf6 4. e5 Nfd7 5. Bd3 c5 6. c3 Nc6 7. Ne2 cxd4 8.
cxd4 f6 9. exf6 Nxf6 10. Nf3 Bd6 11. O-O O-O 12. Bg5 Bd7 13. Rc1 Qb6 14.
Nc3 Rae8 15. a3 Re7 16. b4 h6 17. Bh4 Bf4 18. Rc2 a6 19. Na4 Qd8 20. Nc5
Be8 21. Re1 Bh5 22. Nxe6 Bxf3 23. gxf3 Qd6 24. Nxf8 Rxe1+ 25. Qxe1 Nxd4 26.
Rc8 Nxf3+ 27. Kf1 Nxe1 28. Ng6+ Kf7 29. Bf5 Nf3 30. Nh8+ Ke7 31. Ng6+
1/2-1/2

[Event "TCh-FRA Nat1 GpB"]
[Site "Montpellier FRA"]
[Date "2004.04.04"]
[Round "7"]
[White "Flear,C"]
[Black "Collas,S"]
[Result "1/2-1/2"]
[WhiteElo "2249"]
[BlackElo "2330"]
[EventDate "2004.01.30"]

1. d4 Nf6 2. c4 e6 3. Nc3 d5 4. cxd5 exd5 5. Bg5 Be7 6. e3 c6 7. Bd3 Nbd7
8. Nf3 O-O 9. O-O Re8 10. Qc2 Nf8 11. Rab1 g6 12. b4 a6 13. a4 1/2-1/2

[Event "TCh-FRA Nat1 GpB"]
[Site "Montpellier FRA"]
[Date "2004.04.04"]
[Round "7"]
[White "Izoria,Z"]
[Black "Lacrosse,M"]
[Result "1-0"]
[WhiteElo "2553"]
[BlackElo "2235"]
[EventDate "2004.01.30"]

1. Nf3 d5 2. d4 Nf6 3. c4 e6 4. Nc3 c6 5. Bg5 Nbd7 6. cxd5 exd5 7. e3 Be7
8. Qc2 O-O 9. Bd3 Re8 10. h3 Nf8 11. Bf4 Bd6 12. Bxd6 Qxd6 13. O-O-O Be6
14. Kb1 Rac8 15. Rc1 a6 16. g4 b5 17. Ne5 c5 18. dxc5 Rxc5 19. Qd2 N6d7 20.
f4 Nb6 21. b3 Rb8 22. Ka1 Rd8 23. Bb1 Qc7 24. Ne2 h6 25. Rxc5 Qxc5 26. Nf3
Qc7 27. Qd4 Nc8 28. f5 Bd7 29. Nf4 Bc6 30. h4 Re8 31. Re1 Qd6 32. g5 hxg5
33. hxg5 Nd7 34. Nh5 Ne5 35. Rh1 Nb6 36. Nf6+ gxf6 37. Qh4 Ng6 38. fxg6 1-0